La tierra y la economía mundial (Registro nro. 6184)

Detalles MARC
000 -LEADER
fixed length control field 00523 a2200181 4500
001 - CONTROL NUMBER
control field 57324
005 - DATE AND TIME OF LATEST TRANSACTION
control field 20260407155835.0
008 - FIXED-LENGTH DATA ELEMENTS--GENERAL INFORMATION
fixed length control field 260407a1954 arg spa d
003 - CONTROL NUMBER IDENTIFIER
control field AR-UNSa-BCEJYS
040 ## - CATALOGING SOURCE
Original cataloging agency AR-UNSa-BCEJYS
Language of cataloging spa
Transcribing agency AR-UNSa-BCEJYS
041 ## - LANGUAGE CODE
Language code of text/sound track or separate title spa
100 1# - MAIN ENTRY--PERSONAL NAME
Personal name Lütgens, Rudolf
245 10 - TITLE STATEMENT
Title La tierra y la economía mundial
Name of part/section of a work tratado general de geografía económica
264 #1 - PRODUCTION, PUBLICATION, DISTRIBUTION, MANUFACTURE, AND COPYRIGHT NOTICE
Place of production, publication, distribution, manufacture Barcelona :
Name of producer, publisher, distributor, manufacturer Ediciones Omega
Date of production, publication, distribution, manufacture, or copyright notice 1954
300 ## - PHYSICAL DESCRIPTION
Extent 5 v.
Dimensions 25 cm.
590 ## - LOCAL NOTE (RLIN)
Local note niveau_biblio:m niveau_hierar:0
942 ## - ADDED ENTRY ELEMENTS (KOHA)
Koha item type

No hay ítems disponibles.